000 00721nam a22002417a 4500
001 3489
003 FISKH
005 20240312153717.0
008 240312b cb ||||| |||| 00| 0 eng d
040 _aFISK
_beng
_cFISK
_dFISK
050 _aPZ7.C83835
082 _a808.068
100 _aCox Judy
_d1954-
245 _aMean, mean maureen green /
_cJudy Cox
260 _aNew York :
_bJudy Cox,
_c2001
300 _a89 pages :
_c20 cm
505 _aH
520 _aWith help from Adam, a boy in her third grade class, Lilley gains enough confidence to stand up to the school bus bully, Mean Maureen Green.
521 8 _aestimates,
_bLexiles
700 _aJudy Cox
942 _2ddc
_cBK
_n0
999 _c3489
_d3489